Statistics for Last NBA All-Star Game Starter Per Team

Click here to take the quiz!

General Stats

  • This quiz has been taken 1,173 times
    (124 since last reset)
  • The average score is 28 of 31

Answer Stats

TeamPlayerYear% Correct
Dallas MavericksLuka Dončić2024
100%
Milwaukee BucksGiannis Antetokounmpo2024
99%
Philadelphia 76ersJoel Embiid2024
99%
Los Angeles LakersLeBron James2024
99%
Denver NuggetsNikola Jokić2024
99%
Boston CelticsJayson Tatum2024
98%
Brooklyn Nets, Phoenix SunsKevin Durant2023, 2024
98%
Golden State WarriorsStephen Curry2023
98%
Milwaukee BucksDamian Lillard2024
97%
Houston RocketsJames Harden2020
97%
Oklahoma City ThunderShai Gilgeous-Alexander2024
97%
New Orleans PelicansZion Williamson2023
97%
Miami HeatDwyane Wade2016
96%
San Antonio SpursKawhi Leonard2017
96%
Los Angeles ClippersKawhi Leonard2021
96%
Atlanta HawksTrae Young2022
96%
Memphis GrizzliesJa Morant2022
95%
Washington WizardsBradley Beal2021
94%
Chicago BullsDeMar DeRozan2022
94%
Brooklyn NetsKyrie Irving2023
94%
Cleveland CavaliersDonovan Mitchell2023
92%
Indiana PacersTyrese Haliburton2024
91%
Toronto RaptorsPascal Siakam2020
90%
Utah JazzKarl Malone1998
86%
New York KnicksCarmelo Anthony2016
84%
Orlando MagicDwight Howard2012
83%
Charlotte HornetsKemba Walker2019
81%
Portland Trail BlazersClyde Drexler1994
79%
Minnesota TimberwolvesKevin Love2014
68%
Sacramento KingsChris Webber2001
65%
Detroit PistonsAllen Iverson2009
40%

Score Distribution

Percentile by Number Answered

Percent of People with Each Score

Your Score History

You have not taken this quiz since the last reset